01034nam a22002777 450000100060000000300100000600500170001600700030003300800410003602000150007704000290009208000280012108400070014924501730015625000120032930000350034133600270037633700330040333800280043650000310046450501180049565000570061370000320067070000180070270000360072060403CO-BoRNBP20260204220454.0ta011106s2000 ck o||| ||spa  a9588052467 aSpMaBNbspacSpMaBNerdc a821.134.2(861)-3.09"19" a0000aLiteratura y culturah[Texto impreso] :bnarrativa colombiana del siglo XXccompilación y edición, María Mercedes Jaramillo, Betty Osorio, Ángela Inés Robledo a1ª ed. a3 v. (766, 646, 598 p.)c21 cm 2rdacontentatextobtxt 2rdamediaasin mediaciónbn 2rdacarrieravolumenbnc a"Beca de Excelencia"--Cub.0 av. 1. La nación moderna ; Identidad v. 2. Diseminación, cambios, desplazamientos v. 3. Hibridez y alteridades 7aNovela colombianayS.XXxHistoria y crítica2embne1 aJaramillo, María Mercedes1 aOsorio, Betty1 aRobledo, Ángela Inésd1954-